| 000 | 00563nam a22001817a 4500 | ||
|---|---|---|---|
| 003 | OSt | ||
| 005 | 20260508015723.0 | ||
| 008 | 260508b |||||||| |||| 00| 0 eng d | ||
| 020 | _a978-971-06-4039-3 | ||
| 040 |
_aDWCL Main Lib. _cOC |
||
| 082 | _aFil. 500 In61 2012 | ||
| 245 |
_aIntegrated iscience : _bgrade 8 |
||
| 260 |
_aQuezon City, Philippines : _bPhoenix Publishing House, _cc2012. |
||
| 300 |
_axiii, 510 pages : _billustrations ; _c28 cm. |
||
| 504 | _aIncludes glossary. | ||
| 650 | _a1. Science--Study and teaching. | ||
| 942 |
_2ddc _cBK - FIL _n0 |
||
| 999 |
_c10318 _d10318 |
||